000 00835nam a2200277 4500
001 3413422
005 20190212155208.0
006 000
007 000
008 000
010 _a 89981266
040 _aUOEL
_cDLC
043 _af-ke---
050 0 0 _aQK475.K4
_bN6 1989
100 1 _aNoad, Tim.
245 1 0 _aTrees of Kenya /
_cTim Noad and Ann Birnie ; illustrations by Ann Birnie.
260 _aNairobi :
_bT.C. Noad and A. Birnie,
_cc1989.
300 _a308 p. :
_bill. (some col.) ;
_c21 cm.
500 _aSubtitle on cover: a fully illustrated field guide.
504 _aIncludes bibliographical references (p. 288) and index.
650 0 _aTrees - Kenya
_xBotany
700 1 _aBirnie, Ann.
906 _a7
_bcbc
_corignew
_d3
_encip
_f19
_gy-gencatlg
942 _2lcc
_cLL
999 _c746
_d746